• 首页
  • 本馆介绍
  • 公告通知
  • 最新文献
  • 馆藏检索
  • 电子资源
  • 读者导购
  • 参考咨询
  • 我的图书馆
  • 登录
  • 详细信息显示
  • 放入我的书架
  • 预约/预借图书
  • 作者相关作品
  • 分类相关作品
  • 丛书相关作品
  • 出版社相关作品

书目信息

  • 表格格式
  • 工作单格式
  • 卡片格式
题名:
西皮二黄音乐概论
    
 
作者: 刘国杰 著
分册:  
出版信息: 上海   上海音乐出版社  1989.11
页数: 528页
开本: 32开
丛书名: “民族音乐理论”丛书
单 册:
中图分类: J617.1
科图分类:
主题词: 音乐--技术--理论 , 音乐--技术--方法
电子资源:
ISBN: 7-80553-165-X
000 00645nam0 2200241 45
001 0006121556
005 20040513173604.4
010    @a7-80553-165-X@dCNY19.80
100    @a20000612d1989 km y0chiy0120 ea
101    @achi
105    @a z 000yy
200 1  @a西皮二黄音乐概论@f刘国杰著
210    @a上海@c上海音乐出版社@d1989.11
215    @a528页@d32开
225    @a“民族音乐理论”丛书
410    @12001 @a“民族音乐理论”丛书
410    @12001 @a“民族音乐理论”丛书
606 0  @a音乐@x技术@x理论
606 0  @a音乐@x技术@x方法
690    @aJ617.1@v1
701    @a刘国杰@4著
801    @aCN@bTSTC@c20000612
905    @dJ617.1@e165
    
    西皮二黄音乐概论/刘国杰著.-上海:上海音乐出版社,1989.11
    528页;32开.-(“民族音乐理论”丛书)
    
    
    ISBN 7-80553-165-X:CNY19.80
    
●
相关链接 在E读中查询图书 在五车中查询图书 在当当中查询图书 在豆瓣中查询图书


正题名:西皮二黄音乐概论     索取号:J617.1/165         预约/预借

序号 登录号 条形码 馆藏地/架位号 状态 备注
1 0289135   002891357   密集书库/ [索取号:J617.1/165] 在馆    
2 0289136   002891366   第一借阅区/ [索取号:J617.1/165] 在馆    
3 0289137   002891375   第一样本阅览室/ [索取号:J617.1/165] 在馆    
唐山师范学院图书馆 欢迎您!
大连网信软件有限公司© 版权所有